000 00360nam a22001457a 4500
082 _a030
_bASC/E
100 _aJOJO JOSEPH
245 _aENCYCLOPEDIA MATHEMATICS
_bMATHEMATICS
246 _aENCYCLOPEDIA MATHEMATICS
_bMATHEMATICS
260 _aDELHI
_bASCEND PUBLICATIONS
_c2005
300 _a800
520 _aMATHEMATICS
650 _aMATHEMATICS
942 _cBK
999 _c1299
_d1299